Psicología y pedagogía de la actividad física y el deporte /

Guardat en:
Dades bibliogràfiques
Autor principal: Gil Roales-Nieto, Jesús (comp.)
Altres autors: Delgado Noguera, Miguel Angel (compilación) (compilación)
Format: Llibre
Idioma:espanyol
Publicat: Madrid, España : Siglo XXI, 1994, c1994
Col·lecció:(Psicología)
Matèries:
Etiquetes: Afegir etiqueta
Sense etiquetes, Sigues el primer a etiquetar aquest registre!

MARC

LEADER 00000nam^a2200000^a^4500
001 000054779
005 20250521000000.0
009 20260310090521.786
020 |a 84-323-0829-3 
037 |a Acervo ITESO - Biblioteca 
041 |a ESP 
082 |a 158. 8  |b GIL 
100 |a Gil Roales-Nieto, Jesús  |e (comp.) 
245 1 0 |a Psicología y pedagogía de la actividad física y el deporte /  |c Comp. de J. Gil Roales-Nieto, M.A. Delgado Noguera ; pról. de Fernando Sánchez Bañuelos. 
264 4 |a Madrid, España :  |b Siglo XXI,  |c 1994, c1994 
300 |a 183 p. 
336 |a texto  |b txt  |2 rdacontenido 
337 |a sin mediación  |b n  |2 rdamedio 
338 |a volumen  |b nc  |2 rdasoporte 
440 1 |a (Psicología) 
649 |a XX 
650 |a Psicología Deportiva 
650 |a Educación Física 
700 |a Delgado Noguera, Miguel Angel  |e (compilación) 
910 |a Fondo General 
920 |a Impresos - Libros 
930 |a Colección General 
905 |a 101 
901 |a 0500101006  |b IT1  |c ACC  |u 20250521 
902 |a https://opac.biblio.iteso.mx/vufind/Record/000054779